Volcanoes Quiz - Statistics

General Stats
  • This quiz has been taken 343 times
  • The average score is 9 of 20
Answer Stats
Hint Answer % Correct
Destroyed Pompeii and Herculaneum in 79 A.D Vesuvius
94%
Indonesian Volcano that created the loudest sound ever recorded Krakatoa
83%
Supervolcano located under a U.S National Park Yellowstone Caldera
77%
Located on the Island of Sicily Etna
74%
Visible from Tokyo Fuji
72%
Volcano that erupted sideways during an earthquake St Helens
70%
Sometimes considered the largest (Not Super) volcano on Earth Mauna Loa
47%
Located in the Philippines that blocked out the sun in 1993 Pinatubo
47%
Hawaiian dormant volcano that is sometimes considered tallest mountain in the world Mauna Kea
46%
The "Year Without A Summer" was caused by this volcano Tambora
43%
Highest Mountain in Washington Rainier
39%
Most active volcano on the island of Hawaii Kilauea
36%
Killed everyone on the island of Martinique except for two people in 1902 Pelee
29%
Brought the Human Population to about 3,000 Toba Supervolcano
26%
Located in the Canary Islands and highest point on any Atlantic Island Teide
24%
Dormant Volcano that is Tallest in Russia Elbrus
23%
Potentially Active Volcano visible from Portland Hood
21%
Just South of Quito Cotopaxi
17%
Indonesia Volcano erupting regularly since 1548 Merapi
17%
Current volcano that exists in the former location of above Krakatow
2%
No matching quizzes found
Score Distribution
Percent of People with Each Score
Percentile by Number Answered
Your Score History
You have not taken this quiz